Quiz de opción múltiple – Málaga - Estadísticas

Estadísticas generales
  • Esta prueba ha sido intentada 113 veces
  • La puntuación promedio es 8 de 10
Estadísticas de respuestas
Pregunta Respuesta % Correcto
¿En qué región litoral mediterránea se sitúa Málaga? Costa del Sol
96%
¿Cuál de estos artistas nació en Málaga? Pablo Picasso
91%
¿Qué apodo refiere a la construcción incompleta de la catedral? La Manquita
90%
¿Cómo se llama el famoso centro comercial abierta frente al mar? Muelle Uno
82%
La Feria de Málaga celebra la entrada de los Reyes Católicos. ¿En qué mes se celebra esta feria? Agosto
79%
¿Cuál es la segunda ciudad más poblada de la provincia de Málaga? Marbella
79%
¿Quiénes fundaron la ciudad de Málaga? Los Fenicios
65%
¿Cuántas cofradías y hermandades conforman la Agrupación de Cofradías de Semana Santa de Málaga? Entre 40 y 45
62%
¿Qué película ambientada en Málaga obtuvo 4 nominaciones al Premio Goya? Torremolinos 73
55%
¿Qué evento causó la muerte de unos miles de civiles y milicianos malagueños en 1937? La Desbandada
50%
No se encontraron pruebas coincidentes
Distribución de puntuación
Porcentaje de gente con cada puntuación
Porcentaje por número respondido
Historial de tus puntuaciones
No has intentado esta prueba.